| 000 | 00655nam a22001817a 4500 | ||
|---|---|---|---|
| 003 | OSt | ||
| 005 | 20250204150010.0 | ||
| 008 | 240822b ||||| |||| 00| 0 eng d | ||
| 040 | _c0 | ||
| 082 | _aDPer 658.8 J826 Winter-Spring 2021 v. 29 n. 1-2 | ||
| 100 |
_aZahay, Debra. _eauthor. _946974 |
||
| 245 |
_aAdvancing research in digital and social media marketing / _cDebra Zahay. |
||
| 260 |
_aUSA ; _bTaylor & Francis Group, _cWinter 2021. |
||
| 300 |
_avolume 29, pages 125-139, _billustration. |
||
| 500 | _aJournal of Marketing Theory and Practice, vol. 29, pages 125-139, Winter 2021. | ||
| 700 |
_aZahay, Debra. _eauthor. _946974 |
||
| 942 |
_2ddc _cPER |
||
| 999 |
_c20843 _d20843 |
||